Statistics for Wellington suburbs

Click here to take the quiz!

General Stats

  • This quiz has been taken 190 times
  • The average score is 26 of 56

Answer Stats

Answer% Correct
Johnsonville
83%
Brooklyn
79%
Island Bay
79%
Newtown
79%
Miramar
77%
Karori
76%
Seatoun
75%
Khandallah
74%
Lyall Bay
69%
Kelburn
68%
Kilbirnie
68%
Mount Victoria
68%
Ngaio
68%
Thorndon
68%
Tawa
67%
Te Aro
63%
Oriental Bay
62%
Northland
59%
Mount Cook
57%
Hataitai
56%
Wadestown
56%
Aro Valley
55%
Newlands
53%
Berhampore
50%
Crofton Downs
50%
Rongotai
50%
Wellington Central
50%
Wilton
49%
Churton Park
46%
Grenada
46%
Makara
42%
Owhiro Bay
41%
Roseneath
40%
Vogeltown
39%
Kaiwharawhara
38%
Houghton Bay
37%
Kingston
32%
Ngauranga
32%
Pipitea
32%
Broadmeadows
29%
Mornington
28%
Breaker Bay
25%
Highbury
25%
Melrose
24%
Strathmore Park
24%
Grenada North
23%
Southgate
22%
Ohariu
21%
Moa Point
20%
Paparangi
19%
Makara Beach
14%
Maupuia
14%
Karaka Bays
13%
Glenside
10%
Horokiwi
8%
Takapu Valley
5%

Score Distribution

Percentile by Number Answered

Percent of People with Each Score

Your Score History

You have not taken this quiz